000 00864nam a22002057a 4500
999 _c4918
_d4918
003 AR-CdUCM
008 190311b ||||| |||| 00| 0 spa d
040 _aMUNICIPALIDAD PROVINCIAL DEL CUSCO
_cBIBLIOTECA MUNICIPAL DEL CUSCO
082 _a498.59 /
_bG22
100 _aGarcia, Fernando
_915100
245 _aEtnohistoria Shipibo :
_bTradició oral Shipibo - Conibo /
260 _aLima :
_bCentro Amazonico de Antropologia y Aplicacion Práctica ,
_c1993.
300 _a233 páginas ;
_c21 cm.
505 _aContenido : La Nacionalidad Shipibo -- Incan Baque : el hijo del inca y del diluvio -- Oashico Inca Ainbo : La Inca miserable y el fuego -- Huashmabo : los siete cabritos -- Betaneti : El tabladillo...
650 _aCultura Shipibo
_915101
650 _aFolklor Peruano
_915102
650 _aCultura Peruana
_91637
942 _2ddc
_cLIBROS
945 _artm